000 00490nam a2200193Ia 4500
005 20230630093230.0
008 131103s9999 xx 000 0 und d
040 _aLoreto College
041 _aEnglish
082 _a942.08
_bGOO
100 _aGooch,G.P.
245 _aUnder six reigns
_cG.P.Gooch
260 _aLondon
_bLongmans
_c1958 (1959 printing)
300 _avii,344 p.
504 _aIncludes index
650 _aEngland - History,since 1837
850 _aLCLIB
942 _cBK
999 _c8393
_d58872